[Event "FRA-ch U20"]
[Site "Le Grand Bornand"]
[Date "2007.04.09"]
[Round "1"]
[White "Iglesias, Yosha"]
[Black "Watier, Simon"]
[Result "1-0"]
[WhiteElo "2144"]
[BlackElo "1830"]
[PlyCount "55"]
[EventDate "2007.04.07"]
[EventType "swiss"]
[EventRounds "9"]
[EventCountry "FRA"]
[SourceTitle "CBM 118 Extra"]
[Source "ChessBase"]
[SourceDate "2007.07.04"]
[SourceVersion "1"]
[SourceVersionDate "2007.07.04"]
[SourceQuality "1"]

1. d4 d5 2. Nf3 Nf6 3. e3 e6 4. Bd3 b6 5. Ne5 Bb7 6. Nd2 Nbd7 7. f4 Nxe5 8. fxe5 Nd7 9. Qg4 Qe7 10. e4 dxe4 11. Nxe4 f5 12. exf6 Nxf6 13. Nxf6+ gxf6 14. 0-0 0-0-0 15. Re1 f5 16. Qe2 Re8 17. Bb5 c6 18. Bc4 b5 19. Bxe6+ Kb8 20. Qe5+ Ka8 21. Qxh8 Bg7 22. Bg5 Bxh8 23. Bxe7 Bxd4+ 24. Kh1 Rxe7 25. Bxf5 Rxe1+ 26. Rxe1 Kb8 27. c3 Bf2 28. Re2 1-0